| 000 | 00563nam a2200205Ia 4500 | ||
|---|---|---|---|
| 999 |
_c6619 _d6619 |
||
| 003 | OSt | ||
| 005 | 20210517110451.0 | ||
| 008 | 151021s9999 xx 000 0 und d | ||
| 020 | _a521278929 | ||
| 040 |
_cMMU _aMMU _beng _dMMU |
||
| 050 | _aHD 61 .A24 1946 | ||
| 245 |
_aAcceptable Risk/ _cBauch Fischhoff. |
||
| 260 |
_aUSA : _bCambridge University press, _c1981. |
||
| 300 |
_axv, 185 p. : _bill. ; |
||
| 500 | _aIncludes Index | ||
| 650 | _a_Risk | ||
| 700 | _a_Lichtenstein Sarah | ||
| 942 |
_2lcc _cLOAN LOAN |
||
| 980 | _a^d20110210 10:15:59^okilerai | ||